Fundamentals of networking and data communications / (Record no. 6216)

MARC details
000 -LEADER
fixed length control field 01167cam a2200193Ka 4500
020 ## - INTERNATIONAL STANDARD BOOK NUMBER
ISBN 9780538469340
020 ## - INTERNATIONAL STANDARD BOOK NUMBER
ISBN 053846934X
050 ## - CALL NUMBER
Classification number TK5105
Item number W58
100 1# - AUTHOR
Personal name White, Curt M.
245 10 - TITLE
Title Fundamentals of networking and data communications /
Statement of responsibility, etc Curt M. White.
250 ## - EDITION
Edition statement Sixth edition, International edition.
260 ## - PUBLICATION INFORMATION
Place of publication Australia :
Name of publisher Course Technoloby, Cengage Learning,
Year of publication ©2011.
300 ## - DESCRIPTION
Number of Pages xxiv, 497 pages :
Other physical details illustrations (some color) ;
Dimensions 28 cm.
500 ## - NOTES
General note Includes index.
505 ## - FORMATTED CONTENTS NOTE
Table of Content 1. Introduction to Computer Networks and Data Communications. <br/>2. Fundamentals of Data and Signals. <br/>3. Conducted and Wireless Media. <br/>4. Making Connections. <br/>5. Making Connections Efficient: Multiplexing and Compression. 6. Errors, Error Detection, and Error Control. <br/>7. Local Area Networks: The Basics. <br/>8. Local Area Networks: Software and Support Systems. <br/>9. Introduction to Metropolitan Area Networks and Wide Area Networks. <br/>10. The Internet. <br/>11. Voice and Data Delivery Networks. <br/>12. Network Security. <br/>13. Network Design and Management.
650 #0 - SUBJECTS
Topical Term Computer networks.
650 #0 - SUBJECTS
Topical Term Data transmission systems.
942 ## - ADDED ENTRY ELEMENTS (KOHA)
Koha item type Books
Holdings
Withdrawn status Lost status Collection code Home library Current library Shelving location Date acquired Source of acquisition Full call number Accession Number Koha item type
    Reference Methodist University Library Main Methodist University Library Main General Stacks 12/05/2019 EPP TK5105 W58 7743 Books
Copyright © 2026  MUG Library